Most and Least Happiest Countries in the World - Statistics

General Stats
  • This quiz has been taken 31 times
  • The average score is 24 of 40
Answer Stats
# Score Country % Correct
7 7.363 Sweden
100%
2 7.620 Denmark
96%
6 7.392 Norway
96%
17 7.064 United Kingdom
96%
1 7.842 Finland
93%
13 7.155 Germany
93%
19 6.951 United States
93%
11 7.183 Australia
89%
14 7.103 Canada
89%
10 7.268 Austria
86%
4 7.554 Iceland
86%
20 6.834 Belgium
82%
3 7.571 Switzerland
82%
9 7.277 New Zealand
79%
15 7.085 Ireland
75%
12 7.157 Israel
75%
5 7.464 Netherlands
75%
11 3.819 India
71%
1 2.523 Afghanistan
64%
8 7.324 Luxembourg
61%
9 3.658 Yemen
57%
18 6.965 Czechia
50%
2 3.145 Zimbabwe
46%
18 4.283 Egypt
43%
17 4.275 Ethiopia
43%
13 4.073 Zambia
43%
5 3.512 Lesotho
39%
4 3.467 Botswana
36%
10 3.775 Burundi
36%
20 4.308 Eswatini
36%
7 3.615 Haiti
36%
3 3.415 Rwanda
36%
8 3.623 Tanzania
36%
6 3.600 Malawi
32%
16 7.069 Costa Rica
29%
12 3.849 Sierra Leone
29%
14 4.107 Togo
29%
15 4.208 Madagascar
21%
16 4.227 Mauritania
21%
19 4.289 Comoros
18%
No matching quizzes found
Score Distribution
Percent of People with Each Score
Percentile by Number Answered
Your Score History
You have not taken this quiz